Selected Issues Concerning Internal Reconstruction of the Islamic Emirate of Afghanistan at the Current Stage of its Development

Historický vývoj Afganistanu bol vždy výrazne ovplyvňovaný vzťahom medzi ortodoxnými náboženskými postojmi a potrebou vypracovať a implementovať pragmatickú stratégiu sociálno-ekonomického rozvoja krajiny. To sa nezmenilo ani po návrate radikálneho islamského hnutia Taliban k moci. Islamský emirát A...

Ausführliche Beschreibung

Gespeichert in:
Bibliographische Detailangaben
1. Verfasser: Čech, Ľubomír, 1955-
Format: Buchkapitel
Sprache:Englisch
Schlagworte:
Tags: Tag hinzufügen
Keine Tags, Fügen Sie das erste Tag hinzu!

MARC

LEADER 00000naa$a2200000$$$4500
001 0303157
005 20240729085633.2
041 0 |a eng 
044 |a UA 
245 1 0 |a Selected Issues Concerning Internal Reconstruction of the Islamic Emirate of Afghanistan at the Current Stage of its Development  |c Ľubomír Čech 
520 |a Historický vývoj Afganistanu bol vždy výrazne ovplyvňovaný vzťahom medzi ortodoxnými náboženskými postojmi a potrebou vypracovať a implementovať pragmatickú stratégiu sociálno-ekonomického rozvoja krajiny. To sa nezmenilo ani po návrate radikálneho islamského hnutia Taliban k moci. Islamský emirát Afganistan je vnútorne rozdelený a medzinárodne izolovaný. Bude čeliť zložitému obdobiu postkonfliktnej rekonštrukcie a procesu „návratu do normálu“. Tento článok poukazuje na možnosti a limity rekonštrukcie v Islamskom emiráte Afganistan s dôrazom na analýzu vnútorných aspektov tejto problematiky. 
610 2 0 |a ekonomika 
610 2 0 |a Afganistan 
610 2 0 |a islam 
610 2 0 |a náboženstvo 
610 2 0 |a vojny 
100 1 |a Čech, Ľubomír, 1955-